La práctica del asesoramiento educativo a examen

Saved in:
Bibliografiske detaljer
Main Authors: Monereo Font, Carles (autor), Pozo, Juan Ignacio (Author)
Format: Bog
Sprog:spansk
Udgivet: Barcelona Graó 2005
Udgivelse:1a. ed
Serier:Crítica y Fundamentos, 7
Fag:
Tags: Tilføj Tag
Ingen Tags, Vær først til at tagge denne postø!

MARC

LEADER 00000nam a2200000 a 4500
001 UCI0212
003 CL-VaPUC
008 070427e20050000SP |||||||||||||||||spa|d
020 |a 8478274030 
082 0 4 |a 371.4  |b MON  |2 21 
100 |a Monereo Font, Carles  |e autor  |9 553934 
700 0 |a Pozo, Juan Ignacio  |e author  |9 520322 
245 1 3 |a La práctica del asesoramiento educativo a examen 
250 |a 1a. ed 
300 |a 373 p 
942 |c BK 
945 |d 20070427 00:00:00  |a jtorresc 
260 |a Barcelona  |b Graó  |c 2005 
650 7 |a ORIENTACION EDUCATIVA  |2 CL-VaPUC  |9 405690 
650 7 |a ORIENTACION PEDAGOGICA  |2 CL-VaPUC  |9 334838 
650 7 |a EDUCACION PERMANENTE  |2 CL-VaPUC  |9 316165 
650 0 |a Métodos de enseñanza  |9 270413 
650 0 |a Aprendizaje   |9 254827 
583 |a last modification  |c 20130304 04:13:58  |k Rodrigo Vera 
490 0 |a Crítica y Fundamentos, 7 
999 |c 325449  |d 325447 
952 |0 0  |1 0  |4 0  |6 371_400000000000000_MON_2005  |7 0  |8 A  |9 406384  |a BIBHIS  |b BIBHIS  |d 2019-11-22  |i 4334019  |o 371.4 MON 2005  |p 4334019  |r 2025-01-20  |w 2019-11-22  |y BK  |k HIS 
952 |0 0  |1 0  |4 0  |6 371_400000000000000_MON_2005  |7 0  |8 A  |9 406385  |a BIBEDU  |b BIBEDU  |d 2019-11-22  |i 4493028  |o 371.4 MON 2005  |p 4493028  |r 2019-11-22  |w 2019-11-22  |y BK  |k PSI 
952 |0 0  |1 0  |4 0  |6 371_400000000000000_MON_2005  |7 0  |8 A  |9 406386  |a BIBEDU  |b BIBEDU  |d 2019-11-22  |i 450545K  |o 371.4 MON 2005  |p 450545K  |r 2019-11-22  |w 2019-11-22  |y BK  |k EPE 
952 |0 0  |1 0  |4 0  |6 371_400000000000000_MON_2005  |7 0  |8 A  |9 406387  |a BIBHIS  |b BIBHIS  |d 2019-11-22  |i 4702905  |o 371.4 MON 2005  |p 4702905  |r 2025-01-20  |w 2019-11-22  |y BK  |k HIS